00387nam a2200121Ia 4500008004100000245005100041245001400092260000900106650001000115856004800125999001900173952007300192171211s9999 xx 000 0 und d aPhantasy Star 3: Futabasha Adventure Game Book cFutabasha c1990 xGAMES uhttp://down.ebook777.com/056/4575761591.pdf c348915d348915 001040aCLbCLd2017-12-11l0r2017-12-11 00:00:00w2017-12-11yCBE